[Event "CCT Play-in Chessable Masters 2024"]
[Site "Online"]
[Date "2024.01.31"]
[Round "3"]
[White "Melkumyan, Hrant"]
[Black "Zarnicki, Pablo"]
[Result "1-0"]
[WhiteElo "2640"]
[BlackElo "2514"]
[Annotator "RC"]
[PlyCount "69"]
[EventDate "2024.01.26"]
[EventType "swiss"]
[EventCountry "NET"]
[SourceTitle "playchess.com"]
[Source "ChessBase"]
[SourceQuality "1"]

1. Nf3 Nf6 2. c4 g6 3. g3 Bg7 4. Bg2 O-O 5. O-O d6 6. d4 c6 7. Nc3 Bf5 8. Ne1 Qc8 9. e4 Bh3 10. Bxh3 Qxh3 11. f3 e6 12. Ng2 e5 13. d5 cxd5 14. cxd5 Na6 15. Be3 Qd7 16. Qb3 Rac8 17. Rac1 Nc5 18. Qb5 a6 19. Qxd7 Nfxd7 20. Rfd1 b5 21. b4 Nb7 22. a4 bxa4 23. Nxa4 Rfd8 24. Rc6 Nb8 25. Rb6 Rd7 26. Rb1 Bf6 27. b5 a5 28. Rc6 Rdc7 29. Nb6 Nxc6 30. dxc6 Nd8 31. Nd5 Nxc6 32. bxc6 Rxc6 33. Nxf6+ Kg7 34. Nd5 a4 35. Ne7 1-0

[Event "CCT Play-in Chessable Masters 2024"]
[Site "Online"]
[Date "2024.01.31"]
[Round "3"]
[White "Fressinet, Laurent"]
[Black "Cardoso Cardoso, Jose Gabriel"]
[Result "1-0"]
[WhiteElo "2637"]
[BlackElo "2477"]
[Annotator "RC"]
[PlyCount "37"]
[EventDate "2024.01.26"]
[EventType "swiss"]
[EventCountry "NET"]
[SourceTitle "playchess.com"]
[Source "ChessBase"]
[SourceQuality "1"]

1. d4 Nf6 2. Nf3 e6 3. Bg5 c5 4. d5 Qb6 5. Bxf6 gxf6 6. e4 Qxb2 7. Nbd2 Bh6 8. Bd3 O-O 9. O-O Qb6 10. Rb1 Qd8 11. Rb3 Kh8 12. Nc4 b6 13. Ne1 f5 14. Nd6 Bf4 15. Nxc8 Qxc8 16. Qf3 Be5 17. exf5 exd5 18. f6 Rg8 19. Qh5 1-0

[Event "CCT Play-in Chessable Masters 2024"]
[Site "Online"]
[Date "2024.01.31"]
[Round "3"]
[White "Sargsyan_Shant"]
[Black "Zhuu96"]
[Result "1-0"]
[WhiteElo "2637"]
[BlackElo "2495"]
[Annotator "NA"]
[PlyCount "55"]
[EventDate "2024.01.26"]
[EventType "swiss"]
[EventCountry "NET"]
[SourceTitle "playchess.com"]
[Source "ChessBase"]
[SourceQuality "1"]

1. d4 Nf6 2. Nf3 e6 3. Bf4 d5 4. e3 Bd6 5. Nbd2 O-O 6. Bd3 b6 7. Qe2 c5 8. c3 Nc6 9. Bg3 Bb7 10. Rd1 Ne7 11. Ne5 cxd4 12. exd4 Nf5 13. Bf4 Re8 14. O-O Qc7 15. Rfe1 Nd7 16. Bb5 Bxe5 17. Bxe5 Qc8 18. Bf4 Bc6 19. Bd3 Ne7 20. Nf3 Ng6 21. Bg3 f6 22. Qc2 Ndf8 23. h4 Ne7 24. h5 Qd7 25. h6 g5 26. Nh2 Nf5 27. Ng4 Kf7 28. Be5 1-0

[Event "CCT Play-in Chessable Masters 2024"]
[Site "Online"]
[Date "2024.01.31"]
[Round "3"]
[White "Durarbayli, Vasif"]
[Black "Bachmann, Axel"]
[Result "1-0"]
[WhiteElo "2627"]
[BlackElo "2578"]
[Annotator "RC"]
[PlyCount "75"]
[EventDate "2024.01.26"]
[EventType "swiss"]
[EventCountry "NET"]
[SourceTitle "playchess.com"]
[Source "ChessBase"]
[SourceQuality "1"]

1. e4 e5 2. Nf3 Nc6 3. d4 exd4 4. Nxd4 Bb4+ 5. c3 Bc5 6. Be3 Bb6 7. Nf5 Bxe3 8. Nxe3 Nge7 9. c4 O-O 10. Nc3 d6 11. Bd3 Ne5 12. O-O Nxd3 13. Qxd3 f5 14. exf5 Bxf5 15. Nxf5 Nxf5 16. Rae1 Kh8 17. Re6 Qd7 18. Rfe1 Qf7 19. g3 c5 20. f4 a6 21. a4 Nd4 22. Re7 Qh5 23. Kg2 Rae8 24. Rxe8 Rxe8 25. Rxe8+ Qxe8 26. Qe4 Qd7 27. h3 h6 28. g4 Kg8 29. Kg3 Kf7 30. Qd5+ Kf8 31. Ne4 Ne2+ 32. Kf3 Nd4+ 33. Kg3 Ne2+ 34. Kf3 Nd4+ 35. Ke3 Qxa4 36. Qxd6+ Kg8 37. Qd5+ Kh8 38. Nxc5 1-0

[Event "CCT Play-in Chessable Masters 2024"]
[Site "Online"]
[Date "2024.01.31"]
[Round "3"]
[White "Mishra, Abhimanyu"]
[Black "Lazavik, Denis"]
[Result "0-1"]
[WhiteElo "2627"]
[BlackElo "2566"]
[Annotator "RC"]
[PlyCount "96"]
[EventDate "2024.01.26"]
[EventType "swiss"]
[EventCountry "NET"]
[SourceTitle "playchess.com"]
[Source "ChessBase"]
[SourceQuality "1"]

1. e4 e5 2. Nf3 Nc6 3. Bc4 Bc5 4. c3 Nf6 5. d3 O-O 6. O-O d5 7. exd5 Nxd5 8. a4 Bf5 9. Nbd2 Nb6 10. Bb5 Bxd3 11. Re1 Bxb5 12. axb5 Nb8 13. Nxe5 Re8 14. Ndf3 Qxd1 15. Rxd1 a6 16. bxa6 Nxa6 17. Nd3 Bd6 18. Kf1 c6 19. Bf4 Bxf4 20. Nxf4 Nc5 21. Rxa8 Rxa8 22. Nd3 Nxd3 23. Rxd3 Kf8 24. b3 Ra1+ 25. Ke2 Nd5 26. g3 Ra2+ 27. Nd2 Ke7 28. h4 h5 29. Ke1 g6 30. Nc4 Rc2 31. Ne3 Nxe3 32. Rxe3+ Kd6 33. Rd3+ Kc5 34. Rd7 b5 35. Rd3 Rb2 36. b4+ Kc4 37. Rd6 Kxc3 38. Rxc6+ Kxb4 39. Rf6 Rc2 40. Rxf7 Rc6 41. Ke2 Kc3 42. Rb7 b4 43. f3 b3 44. g4 b2 45. gxh5 gxh5 46. f4 Rc4 47. f5 Rb4 48. Rc7+ Kb3 0-1

[Event "CCT Play-in Chessable Masters 2024"]
[Site "Online"]
[Date "2024.01.31"]
[Round "3"]
[White "LastGladiator1"]
[Black "Indjic, Aleksandar"]
[Result "1-0"]
[WhiteElo "2626"]
[BlackElo "2595"]
[Annotator "RC"]
[PlyCount "85"]
[EventDate "2024.01.26"]
[EventType "swiss"]
[EventCountry "NET"]
[SourceTitle "playchess.com"]
[Source "ChessBase"]
[SourceQuality "1"]

1. Nf3 d5 2. d4 Bf5 3. Bf4 e6 4. Nbd2 Bd6 5. e3 Bxf4 6. exf4 Ne7 7. g3 O-O 8. Bg2 h6 9. O-O Nd7 10. Re1 b6 11. c4 c6 12. Qb3 a5 13. Rac1 Qb8 14. Qa3 Re8 15. Bf1 Qb7 16. cxd5 Nxd5 17. Nc4 Red8 18. Nd6 Qc7 19. Ne5 Nxe5 20. dxe5 c5 21. Bg2 Rxd6 22. exd6 Qxd6 23. Rcd1 Bg4 24. Rd2 Rd8 25. h3 Bh5 26. f5 Qc7 27. Bxd5 exd5 28. g4 Bxg4 29. hxg4 Qf4 30. Rde2 Qxg4+ 31. Qg3 Qxf5 32. Re8+ Rxe8 33. Rxe8+ Kh7 34. Re5 Qb1+ 35. Kg2 d4 36. b3 a4 37. Qf3 Qg6+ 38. Kf1 f6 39. Re1 Qf7 40. Qf5+ Kh8 41. Qe6 Qh5 42. Qe8+ Qxe8 43. Rxe8+ 1-0

[Event "CCT Play-in Chessable Masters 2024"]
[Site "Online"]
[Date "2024.01.31"]
[Round "3"]
[White "tptagain"]
[Black "Vasquez Schroeder, Rodrigo"]
[Result "1-0"]
[WhiteElo "2626"]
[BlackElo "2475"]
[Annotator "RC"]
[PlyCount "83"]
[EventDate "2024.01.26"]
[EventType "swiss"]
[EventCountry "NET"]
[SourceTitle "playchess.com"]
[Source "ChessBase"]
[SourceQuality "1"]

1. e4 c5 2. Nf3 d6 3. c3 Nf6 4. Be2 Bg4 5. h3 Bh5 6. O-O e6 7. d3 Nc6 8. Nbd2 Be7 9. Nh2 Bxe2 10. Qxe2 d5 11. f4 Qc7 12. e5 Nd7 13. Ndf3 h5 14. d4 g6 15. Be3 cxd4 16. cxd4 Nb6 17. Bf2 O-O-O 18. Ng5 Bxg5 19. fxg5 Kb8 20. Rfc1 Qd7 21. Nf3 Rc8 22. Be1 a6 23. b3 Rc7 24. a4 Nc8 25. b4 N6a7 26. Rc5 Nb6 27. b5 Nc4 28. Rxc7 Qxc7 29. Bb4 a5 30. Bc5 b6 31. Bd6 Nxd6 32. exd6 Qxd6 33. Ne5 Rf8 34. Rf1 Nc8 35. Rf6 Ka8 36. Nxf7 Qb4 37. Qxe6 Qxd4+ 38. Kh2 Qc5 39. Ne5 Rd8 40. Nc6 Qd6+ 41. Qxd6 Rxd6 42. Rf8 1-0

[Event "CCT Play-in Chessable Masters 2024"]
[Site "Online"]
[Date "2024.01.31"]
[Round "3"]
[White "Warmerdam, Max"]
[Black "Vidit, Santosh Gujrathi"]
[Result "0-1"]
[WhiteElo "2625"]
[BlackElo "2742"]
[Annotator "TA"]
[PlyCount "74"]
[EventDate "2024.01.26"]
[EventType "swiss"]
[EventCountry "NET"]
[SourceTitle "playchess.com"]
[Source "ChessBase"]
[SourceQuality "1"]

1. d4 Nf6 2. c4 e6 3. Nf3 Bb4+ 4. Bd2 a5 5. a3 Bxd2+ 6. Qxd2 O-O 7. Nc3 d5 8. e3 Qe7 9. Rc1 b6 10. cxd5 exd5 11. Be2 Bb7 12. O-O Rd8 13. Ne5 Nbd7 14. Nd3 Ne4 15. Nxe4 dxe4 16. Nf4 c5 17. Rfd1 Rac8 18. Qe1 cxd4 19. Rxd4 Ne5 20. Rxc8 Rxc8 21. h3 h6 22. Qd1 Qg5 23. Rd6 Bc6 24. Qb3 b5 25. Qc3 Qe7 26. Rd4 Bb7 27. Qxa5 Nc6 28. Qd2 Nxd4 29. Qxd4 Qc5 30. Qd7 Qc1+ 31. Kh2 Qc7 32. Qg4 Qe5 33. b4 Rd8 34. h4 g5 35. Qh5 Re8 36. Qxh6 gxf4 37. exf4 Re6 0-1

[Event "CCT Play-in Chessable Masters 2024"]
[Site "Online"]
[Date "2024.01.31"]
[Round "3"]
[White "Kamsky, Gata"]
[Black "Budisavljevic, Luka"]
[Result "1-0"]
[WhiteElo "2623"]
[BlackElo "2475"]
[Annotator "RC"]
[PlyCount "41"]
[EventDate "2024.01.26"]
[EventType "swiss"]
[EventCountry "NET"]
[SourceTitle "playchess.com"]
[Source "ChessBase"]
[SourceQuality "1"]

1. d4 Nf6 2. Bf4 e6 3. e3 d5 4. Nf3 c5 5. c3 Bd6 6. Bb5+ Nc6 7. Bg3 O-O 8. Nbd2 Ne7 9. Bd3 Nf5 10. Bxd6 Qxd6 11. Ne5 Qc7 12. g4 Nd6 13. g5 Nfe4 14. Rg1 b5 15. Qh5 b4 16. Bxe4 dxe4 17. Ng4 Ba6 18. Nf6+ gxf6 19. gxf6+ Kh8 20. Rg7 Nf5 21. Qxh7# 1-0

[Event "CCT Play-in Chessable Masters 2024"]
[Site "Online"]
[Date "2024.01.31"]
[Round "3"]
[White "Hakobyan, Aram"]
[Black "Guliyev, Namig"]
[Result "1-0"]
[WhiteElo "2616"]
[BlackElo "2506"]
[Annotator "RC"]
[PlyCount "97"]
[EventDate "2024.01.26"]
[EventType "swiss"]
[EventCountry "NET"]
[SourceTitle "playchess.com"]
[Source "ChessBase"]
[SourceQuality "1"]

1. d4 d5 2. Nf3 Nf6 3. c4 dxc4 4. e3 e6 5. Bxc4 a6 6. O-O c5 7. Re1 Nc6 8. Bd3 Be7 9. dxc5 Bxc5 10. a3 O-O 11. b4 Ba7 12. Bb2 Qe7 13. Nbd2 Rd8 14. Qc2 e5 15. Ne4 Nd5 16. Rad1 Bg4 17. Bc4 Nf6 18. Ng3 Rxd1 19. Rxd1 Rf8 20. h3 Bxf3 21. gxf3 Qc7 22. Bb3 Bb8 23. Qc5 Qc8 24. Kg2 g6 25. f4 Re8 26. Qc4 Qc7 27. f5 Qe7 28. Qh4 Kg7 29. Kh1 Bc7 30. Rg1 Kh8 31. fxg6 fxg6 32. Ne2 Nh5 33. Qg4 Rf8 34. Rg2 Qd8 35. Bc3 Qd3 36. Bc4 Qb1+ 37. Rg1 Qc2 38. Rc1 Qf5 39. Qxf5 Rxf5 40. Kg2 Kg7 41. Bb2 Rf6 42. Nc3 Kh6 43. Ne4 Rf8 44. Bxa6 bxa6 45. Rxc6 Bb8 46. Rxa6 Rc8 47. Nc5 Ng7 48. Ra8 Ne8 49. Bxe5 1-0

[Event "CCT Play-in Chessable Masters 2024"]
[Site "Online"]
[Date "2024.01.31"]
[Round "3"]
[White "Santos Latasa, Jaime"]
[Black "ViIIagra"]
[Result "1-0"]
[WhiteElo "2615"]
[BlackElo "2570"]
[Annotator "RC"]
[PlyCount "85"]
[EventDate "2024.01.26"]
[EventType "swiss"]
[EventCountry "NET"]
[SourceTitle "playchess.com"]
[Source "ChessBase"]
[SourceQuality "1"]

1. e4 c5 2. Nf3 Nc6 3. Nc3 d6 4. d4 cxd4 5. Nxd4 Nf6 6. Bg5 e6 7. Qd2 a6 8. O-O-O Bd7 9. Kb1 Be7 10. f3 Nxd4 11. Qxd4 b5 12. Qd2 Qc7 13. Bd3 b4 14. Ne2 a5 15. c4 bxc3 16. Nxc3 Qb7 17. a4 O-O 18. Nb5 Rfd8 19. Rc1 h6 20. Be3 d5 21. e5 Ne8 22. Bc5 Bxc5 23. Rxc5 Qb6 24. Rhc1 Rac8 25. Qf2 Rxc5 26. Qxc5 Qxc5 27. Rxc5 Ra8 28. b3 g5 29. Kb2 Kf8 30. Nd4 f6 31. exf6 Nxf6 32. Bb5 Ke7 33. Bxd7 Kxd7 34. Nc6 Kd6 35. Rxa5 Rc8 36. Nd4 Ke5 37. Ne2 Nh5 38. b4 Nf4 39. Nxf4 Kxf4 40. Rc5 Rd8 41. a5 Ke3 42. a6 d4 43. Re5+ 1-0

[Event "CCT Play-in Chessable Masters 2024"]
[Site "Online"]
[Date "2024.01.31"]
[Round "3"]
[White "Ponkratov, Pavel"]
[Black "Le, Tuan Minh"]
[Result "1-0"]
[WhiteElo "2614"]
[BlackElo "2567"]
[Annotator "RC"]
[PlyCount "99"]
[EventDate "2024.01.26"]
[EventType "swiss"]
[EventCountry "NET"]
[SourceTitle "playchess.com"]
[Source "ChessBase"]
[SourceQuality "1"]

1. e4 e5 2. Nf3 Nc6 3. Bb5 a6 4. Ba4 Bc5 5. c3 Nge7 6. O-O Ng6 7. d4 Ba7 8. Bg5 f6 9. Be3 O-O 10. Re1 Kh8 11. Nbd2 d6 12. Bxc6 bxc6 13. h3 Be6 14. b3 Re8 15. c4 exd4 16. Bxd4 Bxd4 17. Nxd4 Bd7 18. c5 dxc5 19. N4f3 Nf4 20. Qc2 Qc8 21. Re3 Bxh3 22. gxh3 Qxh3 23. Ne1 Qg4+ 24. Kf1 Qh5 25. Ndf3 Re5 26. Ng1 Rae8 27. Qd1 Qg6 28. Qf3 Ne6 29. Rd1 Nd4 30. Qg2 Rg5 31. Qh1 h6 32. Nh3 Rg4 33. Nd3 Qh5 34. Rd2 c4 35. bxc4 Qa5 36. Rd1 Qxa2 37. Nhf4 Qxc4 38. Qh5 Rxf4 39. Qxe8+ Kh7 40. Rc1 Qb5 41. Rg3 Rg4 42. Rxg4 Qxd3+ 43. Kg1 Nf3+ 44. Kg2 Ne5 45. Rg3 Qxe4+ 46. f3 Qd4 47. Rf1 g5 48. Rh3 Qd5 49. Qe7+ Kg6 50. Rxh6+ 1-0

[Event "CCT Play-in Chessable Masters 2024"]
[Site "Online"]
[Date "2024.01.31"]
[Round "3"]
[White "Hovhannisyan, Robert"]
[Black "vugarrasulov"]
[Result "1/2-1/2"]
[WhiteElo "2611"]
[BlackElo "2586"]
[Annotator "RC"]
[PlyCount "104"]
[EventDate "2024.01.26"]
[EventType "swiss"]
[EventCountry "NET"]
[SourceTitle "playchess.com"]
[Source "ChessBase"]
[SourceQuality "1"]

1. e4 e5 2. Nf3 Nf6 3. Nxe5 d6 4. Nf3 Nxe4 5. Qe2 Qe7 6. d3 Nf6 7. Nc3 Qxe2+ 8. Bxe2 Be7 9. Bf4 c6 10. Ne4 Nxe4 11. dxe4 Nd7 12. O-O-O Nc5 13. Nd2 Be6 14. f3 O-O-O 15. Rhe1 Rhe8 16. Nb3 Nxb3+ 17. axb3 d5 18. exd5 Bxd5 19. Bd3 g6 20. Re2 Bf6 21. Rxe8 Rxe8 22. b4 a6 23. Bd2 h5 24. Re1 Rxe1+ 25. Bxe1 Kd7 26. h4 Be7 27. c3 Bd6 28. Bf2 Bb3 29. g3 Bd5 30. f4 Ke6 31. Kd2 Bc7 32. Bd4 a5 33. bxa5 Bxa5 34. b4 Bc7 35. Bf1 b5 36. Ke3 f5 37. Be2 Bd8 38. Bd1 Be7 39. Be2 Bc4 40. Bd1 Bd6 41. Bb6 Bd5 42. Bc5 Bc7 43. Bd4 Bd8 44. Be2 Bc4 45. Bf3 Bd5 46. Be2 Be7 47. Bc5 Bf6 48. Bd4 Bd8 49. Bd1 Bc7 50. Be2 Bd6 51. Bd1 Be7 52. Be2 Bd8 1/2-1/2

[Event "CCT Play-in Chessable Masters 2024"]
[Site "Online"]
[Date "2024.01.31"]
[Round "3"]
[White "Martinez Alcantara, Jose Eduardo"]
[Black "Kevlishvili, Robby"]
[Result "1-0"]
[WhiteElo "2610"]
[BlackElo "2531"]
[Annotator "RC"]
[PlyCount "45"]
[EventDate "2024.01.26"]
[EventType "swiss"]
[EventCountry "NET"]
[SourceTitle "playchess.com"]
[Source "ChessBase"]
[SourceQuality "1"]

1. e4 c5 2. Nf3 d6 3. c3 Nf6 4. h3 Nc6 5. Bd3 d5 6. e5 Nd7 7. Bb5 Qb6 8. Bxc6 Qxc6 9. d4 e6 10. O-O h6 11. Nbd2 Be7 12. Re1 O-O 13. Nf1 b5 14. Ng3 Re8 15. Nh2 Nf8 16. Ng4 Ng6 17. Nh5 Bd7 18. Bxh6 gxh6 19. Qd2 Bf8 20. Nxh6+ Kh7 21. Nf6+ Kg7 22. Nhg4 Kh8 23. Qg5 1-0

[Event "CCT Play-in Chessable Masters 2024"]
[Site "Online"]
[Date "2024.01.31"]
[Round "3"]
[White "Demchenko, Anton"]
[Black "Ibarra Jerez, Jose Carlos"]
[Result "1/2-1/2"]
[WhiteElo "2609"]
[BlackElo "2559"]
[Annotator "RC"]
[PlyCount "44"]
[EventDate "2024.01.26"]
[EventType "swiss"]
[EventCountry "NET"]
[SourceTitle "playchess.com"]
[Source "ChessBase"]
[SourceQuality "1"]

1. e4 Nc6 2. Nf3 d6 3. d4 Nf6 4. d5 Nb8 5. Nc3 g6 6. Be3 c6 7. Qd2 Bg7 8. O-O-O Bg4 9. Bh6 Bxh6 10. Qxh6 Qb6 11. Rd2 Bxf3 12. gxf3 Nbd7 13. f4 cxd5 14. exd5 Rc8 15. Bg2 Qa5 16. Re1 Rxc3 17. bxc3 Qxc3 18. Rde2 Qa1+ 19. Kd2 Qd4+ 20. Kc1 Qa1+ 21. Kd2 Qd4+ 22. Kc1 Qa1+ 1/2-1/2

[Event "CCT Play-in Chessable Masters 2024"]
[Site "Online"]
[Date "2024.01.31"]
[Round "3"]
[White "Salgado Lopez, Ivan"]
[Black "Rakhmanov_Aleksandr"]
[Result "1/2-1/2"]
[WhiteElo "2608"]
[BlackElo "2607"]
[Annotator "RC"]
[PlyCount "55"]
[EventDate "2024.01.26"]
[EventType "swiss"]
[EventCountry "NET"]
[SourceTitle "playchess.com"]
[Source "ChessBase"]
[SourceQuality "1"]

1. e4 c5 2. Nf3 Nf6 3. e5 Nd5 4. Nc3 Nxc3 5. dxc3 Nc6 6. Bf4 Qc7 7. Qe2 b6 8. O-O-O e6 9. h4 h6 10. Rh3 Rb8 11. Bh2 b5 12. Nd2 Qa5 13. a3 Qa4 14. Ne4 b4 15. cxb4 cxb4 16. Nd6+ Bxd6 17. Rxd6 bxa3 18. Rxa3 Qxh4 19. Bg3 Qg5+ 20. Kb1 O-O 21. Qd2 Qh5 22. Be2 Qh1+ 23. Qd1 Qxg2 24. Bf3 Qh3 25. Bg4 Qg2 26. Bf3 Qh3 27. Bg4 Qg2 28. Bf3 1/2-1/2

[Event "CCT Play-in Chessable Masters 2024"]
[Site "Online"]
[Date "2024.01.31"]
[Round "3"]
[White "Antipov, Mikhail Al."]
[Black "Genghis_K"]
[Result "1-0"]
[WhiteElo "2604"]
[BlackElo "2519"]
[Annotator "RC"]
[PlyCount "57"]
[EventDate "2024.01.26"]
[EventType "swiss"]
[EventCountry "NET"]
[SourceTitle "playchess.com"]
[Source "ChessBase"]
[SourceQuality "1"]

1. e4 c5 2. Nf3 d6 3. Bb5+ Nd7 4. O-O a6 5. Bd3 Ngf6 6. Re1 e6 7. Bf1 b6 8. d4 cxd4 9. Nxd4 Bb7 10. f3 Be7 11. c4 O-O 12. Nc3 Rc8 13. Qd2 Qc7 14. b3 b5 15. cxb5 Qxc3 16. Qxc3 Rxc3 17. bxa6 Ba8 18. Ba3 Rfc8 19. Nb5 R3c6 20. Na7 Bd8 21. Nxc8 Rxc8 22. Bxd6 Bb6+ 23. Kh1 Rc6 24. Red1 Be3 25. b4 g5 26. a4 g4 27. Ra2 Rc3 28. b5 Nc5 29. Be5 1-0

[Event "CCT Play-in Chessable Masters 2024"]
[Site "Online"]
[Date "2024.01.31"]
[Round "3"]
[White "Safarli, Eltaj"]
[Black "JSPrepz"]
[Result "1/2-1/2"]
[WhiteElo "2604"]
[BlackElo "2536"]
[Annotator "RC"]
[PlyCount "114"]
[EventDate "2024.01.26"]
[EventType "swiss"]
[EventCountry "NET"]
[SourceTitle "playchess.com"]
[Source "ChessBase"]
[SourceQuality "1"]

1. e4 e5 2. Nf3 Nc6 3. Bb5 f5 4. Nc3 fxe4 5. Nxe4 d5 6. Nxe5 dxe4 7. Nxc6 Qd5 8. c4 Qd6 9. Nxa7+ Bd7 10. Bxd7+ Qxd7 11. Nb5 Nf6 12. O-O c6 13. Nc3 Bc5 14. d4 exd3 15. Re1+ Kf7 16. Be3 Bxe3 17. Rxe3 Rad8 18. Qf3 Rhe8 19. Rd1 Rxe3 20. Qxe3 d2 21. f3 h5 22. Nb1 Qf5 23. Qc3 h4 24. Nxd2 h3 25. Rf1 hxg2 26. Rf2 Nh5 27. Rxg2 Rd3 28. Qb4 Nf4 29. Rg4 g5 30. h4 Qd7 31. Ne4 Qd4+ 32. Kh2 Rxf3 33. Qxb7+ Kf8 34. Qc8+ Ke7 35. Qc7+ Kf8 36. Qd6+ Qxd6 37. Nxd6 Rh3+ 38. Kg1 Rxh4 39. Rxh4 gxh4 40. a4 Ke7 41. c5 Nd3 42. Nb7 Kd7 43. a5 Kc7 44. a6 Nxb2 45. Na5 Kb8 46. Nxc6+ Ka8 47. Nb4 Ka7 48. Kh2 Na4 49. c6 Nb6 50. Kh3 Na8 51. Kxh4 Nc7 52. Kg5 Nxa6 53. Nd5 Kb8 54. Kf6 Kc8 55. Ke5 Nb8 56. c7 Na6 57. Nb6+ Kxc7 1/2-1/2

[Event "CCT Play-in Chessable Masters 2024"]
[Site "Online"]
[Date "2024.01.31"]
[Round "3"]
[White "igorkovalenko"]
[Black "Ju, Wenjun"]
[Result "1-0"]
[WhiteElo "2601"]
[BlackElo "2549"]
[Annotator "RC"]
[PlyCount "139"]
[EventDate "2024.01.26"]
[EventType "swiss"]
[EventCountry "NET"]
[SourceTitle "playchess.com"]
[Source "ChessBase"]
[SourceQuality "1"]

1. c4 e5 2. Nc3 Nf6 3. Nf3 Nc6 4. g3 Bb4 5. Nd5 e4 6. Nh4 d6 7. a3 Ba5 8. b4 Bb6 9. Bb2 Bd4 10. Bxd4 Nxd4 11. e3 Nf5 12. Nxf5 Bxf5 13. Bg2 O-O 14. O-O c6 15. Nc3 Re8 16. Rc1 a5 17. b5 h5 18. h3 d5 19. bxc6 bxc6 20. cxd5 cxd5 21. Nb5 Rc8 22. Nd4 Bd7 23. Qb3 Qe7 24. Rxc8 Rxc8 25. Rb1 Qd6 26. Qb2 Nh7 27. Qb7 Nf8 28. Bf1 a4 29. Kg2 Re8 30. Qb4 Qf6 31. Be2 h4 32. g4 Ne6 33. Nxe6 fxe6 34. Qd6 Rf8 35. Rf1 Rf7 36. f4 Qb2 37. Rd1 Qc2 38. g5 g6 39. Bg4 Kh7 40. Qe5 Bc8 41. Qa1 Rc7 42. Kh1 Ba6 43. Qf6 Bc8 44. Qa1 Ba6 45. Qe5 Bc8 46. Rg1 Rb7 47. Qd4 Rb1 48. Rxb1 Qxb1+ 49. Kg2 Qc2 50. Be2 Kg8 51. Kf2 Qc7 52. Qf6 Qf7 53. Qd8+ Qf8 54. Qc7 Qe8 55. Bd1 Bd7 56. Qd6 Kh7 57. Bg4 Qf7 58. Qc7 Qe8 59. Kg2 Kg8 60. Kf2 Kh7 61. Be2 Kg8 62. Ba6 e5 63. fxe5 Bxh3 64. Qd6 Qf7+ 65. Qf6 Be6 66. Bb5 Qxf6+ 67. exf6 Kf7 68. Bxa4 Bg4 69. Bc6 Be6 70. a4 1-0

[Event "CCT Play-in Chessable Masters 2024"]
[Site "Online"]
[Date "2024.01.31"]
[Round "3"]
[White "Jumabayev, Rinat"]
[Black "Lagarde, Maxime"]
[Result "0-1"]
[WhiteElo "2598"]
[BlackElo "2642"]
[Annotator "RC"]
[PlyCount "72"]
[EventDate "2024.01.26"]
[EventType "swiss"]
[EventCountry "NET"]
[SourceTitle "playchess.com"]
[Source "ChessBase"]
[SourceQuality "1"]

1. Nf3 f5 2. g3 Nf6 3. c4 g6 4. Bg2 Bg7 5. O-O O-O 6. d4 d6 7. Nc3 Nc6 8. d5 Ne5 9. Nxe5 dxe5 10. e4 f4 11. gxf4 exf4 12. Bxf4 Nxe4 13. Bg3 Nxg3 14. hxg3 Bf5 15. Qe2 Qd7 16. Ne4 b6 17. Rae1 Rad8 18. Ng5 Bf6 19. Qd2 h6 20. Nf3 Kg7 21. Re2 c5 22. Rfe1 Qd6 23. Ne5 h5 24. f4 Bg4 25. Nxg4 hxg4 26. Re6 Qd7 27. Qe2 Rf7 28. Qxg4 Rh8 29. Be4 Rh6 30. Kg2 Qd8 31. Rc6 Qh8 32. Kf3 g5 33. d6 Rh1 34. Rc8 Qh2 35. Qf5 Qh5+ 36. Kf2 Bd4+ 0-1

[Event "CCT Play-in Chessable Masters 2024"]
[Site "Online"]
[Date "2024.01.31"]
[Round "3"]
[White "Kravtsiv, Martyn"]
[Black "Prohaszka, Peter"]
[Result "1-0"]
[WhiteElo "2598"]
[BlackElo "2578"]
[Annotator "RC"]
[PlyCount "113"]
[EventDate "2024.01.26"]
[EventType "swiss"]
[EventCountry "NET"]
[SourceTitle "playchess.com"]
[Source "ChessBase"]
[SourceQuality "1"]

1. e4 c6 2. Nf3 d5 3. d3 dxe4 4. dxe4 Qxd1+ 5. Kxd1 Nd7 6. a4 Ngf6 7. Nfd2 g6 8. f3 Bh6 9. Nb3 Bxc1 10. Kxc1 Ne5 11. a5 g5 12. N1d2 h5 13. Nc4 Nxc4 14. Bxc4 Nd7 15. Kd2 Ne5 16. Be2 Be6 17. Nc5 O-O-O+ 18. Kc3 h4 19. Rhd1 Kc7 20. Rxd8 Rxd8 21. Rd1 Rxd1 22. Bxd1 b6 23. axb6+ axb6 24. Nxe6+ fxe6 25. g3 hxg3 26. hxg3 Kd6 27. Be2 c5 28. Kd2 Nd7 29. Ke3 e5 30. Bb5 Nf6 31. c3 Ke6 32. Bf1 Kd6 33. Bh3 c4 34. Bc8 Kc5 35. f4 gxf4+ 36. gxf4 exf4+ 37. Kxf4 Ne8 38. Ke5 Nc7 39. Bh3 b5 40. Bd7 b4 41. Ba4 bxc3 42. bxc3 Na6 43. Ke6 Kb6 44. Kxe7 Nc5 45. Bc2 Nd3 46. Kd6 Nc1 47. e5 Ne2 48. e6 Nxc3 49. Ba4 Ne4+ 50. Ke5 Nc5 51. e7 Nxa4 52. e8=Q Ka5 53. Kd4 c3 54. Qe5+ Kb4 55. Qb8+ Ka3 56. Kd3 Ka2 57. Kc2 1-0

[Event "CCT Play-in Chessable Masters 2024"]
[Site "Online"]
[Date "2024.01.31"]
[Round "3"]
[White "Micki-taryan"]
[Black "Samant Aditya S"]
[Result "1-0"]
[WhiteElo "2597"]
[BlackElo "2512"]
[Annotator "RC"]
[PlyCount "59"]
[EventDate "2024.01.26"]
[EventType "swiss"]
[EventCountry "NET"]
[SourceTitle "playchess.com"]
[Source "ChessBase"]
[SourceQuality "1"]

1. d4 Nf6 2. c4 e6 3. Bg5 Bb4+ 4. Nd2 h6 5. Bh4 c5 6. dxc5 Nc6 7. Ngf3 g5 8. Bg3 g4 9. a3 Bxc5 10. Ne5 Nxe5 11. Bxe5 d6 12. Bc3 e5 13. e3 Be6 14. b4 Bb6 15. c5 dxc5 16. Bb5+ Ke7 17. O-O a6 18. Be2 Bc7 19. bxc5 Nd5 20. Bb2 h5 21. Bc4 f6 22. Qb3 Qd7 23. Rad1 Qc6 24. Ne4 Rhd8 25. a4 Rab8 26. Nd6 Bxd6 27. cxd6+ Rxd6 28. Ba3 Rbd8 29. Bxd5 Bxd5 30. Rxd5 1-0

[Event "CCT Play-in Chessable Masters 2024"]
[Site "Online"]
[Date "2024.01.31"]
[Round "3"]
[White "Sam_ChessMood"]
[Black "Firouzja, Alireza"]
[Result "1-0"]
[WhiteElo "2597"]
[BlackElo "2759"]
[Annotator "TA"]
[PlyCount "65"]
[EventDate "2024.01.26"]
[EventType "swiss"]
[EventCountry "NET"]
[SourceTitle "playchess.com"]
[Source "ChessBase"]
[SourceQuality "1"]

1. e4 c5 2. Nf3 d6 3. d4 cxd4 4. Nxd4 Nf6 5. Nc3 a6 6. Be3 e5 7. Nb3 Be6 8. f3 h5 9. Nd5 Nxd5 10. exd5 Bf5 11. Bd3 Bxd3 12. Qxd3 Nd7 13. O-O-O Be7 14. Kb1 Bg5 15. Bf2 Rc8 16. h4 Bh6 17. Nd2 Qc7 18. Ne4 Ke7 19. g4 Bf4 20. b3 b5 21. g5 Nf8 22. Bc5 Rd8 23. c4 Qb8 24. Bxd6+ Rxd6 25. c5 Rd8 26. d6+ Ke8 27. Qd5 Ne6 28. g6 Rh6 29. Rhg1 Kf8 30. c6 Qc8 31. Nc5 Kg8 32. d7 Qc7 33. Nxe6 1-0